000 00271nam a2200097Ia 4500
082 _aT ST 839.36 VEER
245 0 _aVeerkrag
100 _a Schutz, Adri Kaapstad, 1993 - [2003] 1ste uitg
_999406
942 _cBK
008 210817s9999 xx 000 0 und d
999 _c421922
_d421921